<?xml version="1.0" encoding="UTF-8"?>
<record
    xmlns:xsi="http://www.w3.org/2001/XMLSchema-instance"
    xsi:schemaLocation="http://www.loc.gov/MARC21/slim http://www.loc.gov/standards/marcxml/schema/MARC21slim.xsd"
    xmlns="http://www.loc.gov/MARC21/slim">

  <leader>01919nab a2200265uuc4500</leader>
  <controlfield tag="001">1255140</controlfield>
  <controlfield tag="005">20240828104251.0</controlfield>
  <controlfield tag="008">110906e20100801                    spa  </controlfield>
  <datafield tag="035" ind1=" " ind2=" ">
    <subfield code="a">1255140</subfield>
  </datafield>
  <datafield tag="035" ind1=" " ind2=" ">
    <subfield code="a">(OCoLC)820603923</subfield>
  </datafield>
  <datafield tag="040" ind1=" " ind2=" ">
    <subfield code="c">comduadb</subfield>
  </datafield>
  <datafield tag="041" ind1=" " ind2=" ">
    <subfield code="a">spa</subfield>
  </datafield>
  <datafield tag="100" ind1="1" ind2="0">
    <subfield code="a">Marquez Garcia, Antonio</subfield>
    <subfield code="4">aut</subfield>
    <subfield code="e">aut</subfield>
    <subfield code="9">388052</subfield>
  </datafield>
  <datafield tag="245" ind1="1" ind2="0">
    <subfield code="a">Sedimentolog&#xED;a y morfolog&#xED;a de la playa de anidaci&#xF3;n para tortugas marinas, El Carrizal, Coyuca de Ben&#xED;tez, Guerrero</subfield>
  </datafield>
  <datafield tag="520" ind1="3" ind2=" ">
    <subfield code="a">De agosto del 2007 a junio del 2009, se llevaron a cabo 10 perfiles topogr&#xE1;ficos en playa Carrizal durante las &#xE9;pocas de lluvias y estiaje de estos a&#xF1;os para determinar el cambio morfol&#xF3;gico de la playa. Paralelamente se realiz&#xF3; un muestreo de sedimentos en la infraplaya, mesoplaya y supraplaya asociados con estos perfiles de playa. Los resultados muestran los mayores cambios morfologicos de la playa en la zona aleda&#xF1;a a la boca de la laguna de Coyuca con escalones de erosi&#xF3;n en las bermas de mareas de hasta 2 m de altura y playas menores que 45 m de amplitud. Una mayor estabilidad se tiene en la parte de la playa m&#xE1;s alejada de la boca lagunar con perfiles acumulativos de m&#xE1;s de 50 m de amplitud y pendientes suaves. Los sedimentos son arenas cuarzofeldesp&#xE1;ticas con predominio de arenas medias, bien clasificadas, asim&#xE9;tricas hacia tama&#xF1;os gruesos, leptoc&#xFA;rticas tanto en la zona de mesoplaya como en la supraplaya, con la presencia de arenas gruesas en la infraplaya.</subfield>
  </datafield>
  <datafield tag="650" ind1=" " ind2="7">
    <subfield code="a">Sedimentaci&#xF3;n</subfield>
    <subfield code="2">lemb</subfield>
    <subfield code="9">175540</subfield>
  </datafield>
  <datafield tag="650" ind1=" " ind2=" ">
    <subfield code="a">Geomorfolog&#xED;a</subfield>
    <subfield code="9">42882</subfield>
  </datafield>
  <datafield tag="650" ind1=" " ind2=" ">
    <subfield code="a">Playas</subfield>
    <subfield code="9">58724</subfield>
  </datafield>
  <datafield tag="650" ind1=" " ind2=" ">
    <subfield code="a">Anidaci&#xF3;n</subfield>
    <subfield code="9">56496</subfield>
  </datafield>
  <datafield tag="650" ind1=" " ind2="7">
    <subfield code="a">Tortugas marinas</subfield>
    <subfield code="2">lemb</subfield>
    <subfield code="9">19285</subfield>
  </datafield>
  <datafield tag="700" ind1="1" ind2="0">
    <subfield code="a">Campos Verduzco, Ricardo</subfield>
    <subfield code="4">aut</subfield>
    <subfield code="e">aut</subfield>
    <subfield code="9">371614</subfield>
  </datafield>
  <datafield tag="700" ind1="1" ind2="0">
    <subfield code="a">Castro Soriano, Bianca Stephanya</subfield>
    <subfield code="4">aut</subfield>
    <subfield code="e">aut</subfield>
    <subfield code="9">629263</subfield>
  </datafield>
  <datafield tag="773" ind1="0" ind2=" ">
    <subfield code="t">Hidrobiol&#xF3;gica (M&#xE9;xico)</subfield>
    <subfield code="g">Volumen 20, N&#xFA;mero 02, Mayo 2010, 101-112</subfield>
    <subfield code="w">596369</subfield>
    <subfield code="x">0188-8897</subfield>
    <subfield code="0">149565</subfield>
  </datafield>
  <datafield tag="942" ind1=" " ind2=" ">
    <subfield code="c">ARIMP</subfield>
  </datafield>
  <datafield tag="999" ind1=" " ind2=" ">
    <subfield code="c">593466</subfield>
    <subfield code="d">593466</subfield>
  </datafield>
</record>
